Welcome to CU Library Online Public Access Catalogue (OPAC)

Applied communication skills for the construction trades / (Record no. 8286)

MARC details
000 -LEADER
fixed length control field 00747cam a22002294a 4500
001 - CONTROL NUMBER
control field 12483501
005 - DATE AND TIME OF LATEST TRANSACTION
control field 20251121103351.0
008 - FIXED-LENGTH DATA ELEMENTS--GENERAL INFORMATION
fixed length control field 010726s2002 njua f 001 0 eng
020 ## - INTERNATIONAL STANDARD BOOK NUMBER
International Standard Book Number 0130933554
020 ## - INTERNATIONAL STANDARD BOOK NUMBER
International Standard Book Number 9780130933553
050 00 - LIBRARY OF CONGRESS CALL NUMBER
Classification number TH215
Item number .R54 2002
082 00 - DEWEY DECIMAL CLASSIFICATION NUMBER
Classification number 624/.068/3
Edition information 21
100 1# - MAIN ENTRY--PERSONAL NAME
Personal name Rigolosi, Steven A.
245 10 - TITLE STATEMENT
Title Applied communication skills for the construction trades /
Statement of responsibility, etc. Steven A. Rigolosi.
260 ## - PUBLICATION, DISTRIBUTION, ETC.
Place of publication, distribution, etc. Upper Saddle River, N.J. :
Name of publisher, distributor, etc. Prentice Hall,
Date of publication, distribution, etc. c2002.
300 ## - PHYSICAL DESCRIPTION
Extent xiv, 367 p. :
Other physical details ill. ;
Dimensions 28 cm.
500 ## - GENERAL NOTE
General note Includes index.
650 #0 - SUBJECT ADDED ENTRY--TOPICAL TERM
Topical term or geographic name entry element Communication in the building trades.
650 #0 - SUBJECT ADDED ENTRY--TOPICAL TERM
Topical term or geographic name entry element Building trades
General subdivision Employees
Form subdivision Life skills guides.
650 #0 - SUBJECT ADDED ENTRY--TOPICAL TERM
Topical term or geographic name entry element Building
General subdivision Vocational guidance.
942 ## - ADDED ENTRY ELEMENTS (KOHA)
Source of classification or shelving scheme Library of Congress Classification
Koha item type Books
Suppress in OPAC No
999 ## -
-- 8286
-- 8286
Holdings
Withdrawn status Lost status Source of classification or shelving scheme Damaged status Not for loan Collection Home library Current library Shelving location Date acquired Total checkouts Full call number Barcode Date last seen Copy number Price effective from Koha item type
    Library of Congress Classification     Non-fiction Science Library (Miotso) Science Library (Miotso) General stacks 11/21/2025   TH215 .R54 RIG SLM00005882 11/21/2025 1 11/21/2025 Books
    Library of Congress Classification     Non-fiction Science Library (Miotso) Science Library (Miotso) General stacks 11/21/2025   TH215 .R54 RIG SLM00005883 11/21/2025 2 11/21/2025 Books
© 2023-2024 Copyright: Central University Libraries. All Rights Reserved | Created by: Mahone Tech Office